000 00445nam a2200169Ia 4500
008 220216s9999 xx 000 0 und d
100 _aVijayakumar K.R.
245 0 _aLow frequency tapping proves a hit in diverse terrains
260 _bRubber Asia
_c2005
300 _a73-77
650 _aLow frequency tapping
650 _aTapping system
700 _aKarunaichamy K.
700 _aRajagopal R.
700 _aThomas K.U.
942 _cBS
999 _c51692
_d51692